书目信息 |
| 题名: |
万用表检修微型计算机实例精选
|
|
| 作者: | 江铭炎 , 胡颖 编著 | |
| 分册: | ||
| 出版信息: | 济南 山东科学技术出版社 1997.12 |
|
| 页数: | 194页 | |
| 开本: | 26cm | |
| 丛书名: | ||
| 单 册: | ||
| 中图分类: | TP306.3 | |
| 科图分类: | ||
| 主题词: | 计算技术 , 电子计算机 | |
| 电子资源: | ||
| ISBN: | 7-5331-2032-9 | |
| 000 | 00674nam0 2200217 45 | |
| 001 | 0004210820 | |
| 005 | 20040512160755.3 | |
| 010 | @a7-5331-2032-9@dCNY17.00 | |
| 100 | @a20000421d1997 km y0chiy0120 ea | |
| 101 | 0 | @achi |
| 105 | @a z 000yy | |
| 200 | 1 | @a万用表检修微型计算机实例精选@AWan Yong Biao Jian Xiu Wei Xing Ji Suan Ji Shi Li Jing Xuan@f江铭炎,胡颖编著@FJiang Ming Yan,Hu Ying Bian Zhu |
| 210 | @a济南@c山东科学技术出版社@d1997.12 | |
| 215 | @a194页@c插图@d26cm | |
| 606 | 0 | @a计算技术 |
| 606 | 0 | @a电子计算机 |
| 690 | @aTP306.3@v1 | |
| 701 | 0 | @a江铭炎@4编著 |
| 701 | 0 | @a胡颖@4编著 |
| 801 | @aCN@bPFTUser@c20000421 | |
| 905 | @f1@b288027@dTP306.3@e197 | |
| 万用表检修微型计算机实例精选/江铭炎,胡颖编著.-济南:山东科学技术出版社,1997.12 |
| 194页:插图;26cm |
| ISBN 7-5331-2032-9:CNY17.00 |
| ● |
| 相关链接 |
|
|
|
|
正题名:万用表检修微型计算机实例精选
索取号:TP306.3/197
 
预约/预借
| 序号 | 登录号 | 条形码 | 馆藏地/架位号 | 状态 | 备注 |
| 1 | 0288027 | 002880270 | 第三借阅区/ [索取号:TP306.3/197] | 在馆 | |
| 2 | 0288028 | 002880289 | 第三借阅区/ [索取号:TP306.3/197] | 在馆 | |
| 3 | 0288029 | 002880298 | 第三借阅区/ [索取号:TP306.3/197] | 在馆 | |
| 4 | 0288030 | 002880305 | 第三借阅区/ [索取号:TP306.3/197] | 在馆 | |
| 5 | 0288031 | 002880314 | 第二样本阅览室/ [索取号:TP306.3/197] | 在馆 |